Responses for show #2184 - Thursday, February 17, 1994

1994 Teen Tournament quarterfinal game 4.

Contestants

[<< previous game]

Jonathan Zimmerman, a junior from New City, New York

Felicia Wu, a senior from Warminster, Pennsylvania

Jeremy Manta, a junior from Boca Raton, Florida

[next game >>]

Jeopardy! Round responses

BODIES OF WATER
TV TEENS
WEIGHTS & MEASURES
ANIMALS
JUST DESSERTS
COMMON BONDS
    $100 12
the Atlantic

Jeremy
    $100 6
Roseanne

Jeremy
    $100 11
a tablespoon

Jonathan
    $100 24
a camel

Jonathan
    $100 1
brownie

Felicia
    $100 18
shirts

Felicia
    $200 13
Lake Superior

Jonathan
    $200 7
tennis

Jeremy
    $200 17
(Jeremy: What is a cup?)

a quart

JeremyJonathan
    $200 25
the polar bear

Jeremy
    $200 2
meringue

Felicia
    $200 21
hairdos

Felicia
    $300 14
the Red Sea

Jonathan
    $300 8
Valerie Bertinelli

Jeremy
    $300 19
a kilometer

Felicia
    $300 26
a filly

Jonathan
    $300 3
a jelly roll

Jeremy
    $300 22
card games

Jonathan
    $400 15
Magellan

Felicia
    $400 9
The Wonder Years

Jeremy
    $400 20
(Felicia: What is Great Britain?)

France

JeremyFelicia
    $400 27
(Jeremy: What is the lion?)

the Siberian tiger

Jeremy
Triple Stumper
    $400 4
chocolate

Felicia
    $400 29
types of wheels

Jeremy
    $500 16
(Jeremy: What is the Black Sea?)

the Baltic Sea

JeremyFelicia
    $500 10
[No reaction or comment for Jeremy running the category.]

Six

Jeremy
    $700 23
(Jonathan: Drawing a blank.)

the troy system

Jonathan
    $500 28
the golden eagle

Triple Stumper
    $500 5
molasses

Jeremy
    $500 30
monies

Felicia

Scores at the first commercial break (after clue 17):

Jeremy Felicia Jonathan
$1,700 $1,600 $800

Scores at the end of the Jeopardy! Round:

Jeremy Felicia Jonathan
$2,300 $2,300 $800

Double Jeopardy! Round responses

WORLD HISTORY
ISLANDS
MUSICAL INSTRUMENTS
SPANISH CLASS
LITERATURE
BENJAMIN FRANKLIN
    $200 14
India

Felicia
    $200 21
Greenland

Felicia
    $200 5
the bugle

Jeremy
    $200 26
seƱor

Jeremy
    $200 3
The Brothers Karamazov

Jeremy
    $200 1
stairs

Jonathan
    $400 15
Montezuma

Jonathan
    $400 22
the Aleutians

Felicia
    $400 7
(Jonathan: What is the bagpipes?)

the organ

FeliciaJonathan
    $400 27
sapphire

Jonathan
    $400 4
The Grapes of Wrath

Felicia
    $400 2
put out fires

Jeremy
    $600 16
Napoleon

Jeremy
    $600 23
Sicily

Jeremy
    $600 8
the piccolo

Felicia
    $600 28
spring

Jonathan
    $600 6
Edith Wharton

Felicia
    $600 10
the lightning rod

Jeremy
    $800 19
(Jonathan: What is Ethiopia?)

Sudan

FeliciaJonathan
    $800 24
Madagascar

Felicia
    $800 9
the trumpet

Jonathan
    $800 29
(Felicia: What is gracias mucha?)

muchas gracias

FeliciaJonathan
    $800 17
Willa Cather

Felicia
    $800 12
chess

Jonathan
    $1,000 20
the Ukraine

Felicia
    $1,000 25
(Felicia: Um... um... um... what is... what are the Antilles?)

the Galapagos Islands

Felicia
    $1000 11
(Jeremy: Who is Stravinsky?)

Stradivarius

JeremyJonathan
    $1000 30
hot water

Jonathan
    $1000 18
Thomas Hardy

Felicia
    $1000 13
Saunders

Triple Stumper

Scores at the end of the Double Jeopardy! Round:

Jeremy Felicia Jonathan
$4,100 $7,700 $5,600

Final Jeopardy! Round responses

PERFORMING ARTS
JeremyWho is [a letter or two crossed out] Julard
$4,000
JonathanWho is Carnegie?
$5,600
FeliciaWho is Juilliard?
$2,300
Juilliard

Final scores:

Jeremy Felicia Jonathan
$8,100 $10,000 $0
2nd place: $1,000 if eliminated Automatic semifinalist 3rd place: $1,000 if eliminated

Game dynamics:

Coryat scores:

Jeremy Felicia Jonathan
$4,100 $8,700 $6,300
18 R,
4 W
21 R
(including 1 DD),
3 W
(including 1 DD)
16 R,
3 W
(including 1 DD)

Combined Coryat: $19,100

The J! Archive is created by fans, for fans. The Jeopardy! game show and all elements thereof, including but not limited to copyright and trademark thereto, are the property of Jeopardy Productions, Inc. and are protected under law. This website is not affiliated with, sponsored by, or operated by Jeopardy Productions, Inc. Join the discussion at JBoard.tv.